|
|
|
|
| LEADER |
01737nam a22003377a 4500 |
| 001 |
44856 |
| 003 |
BD-DhAAL |
| 005 |
20250924105022.0 |
| 008 |
250924t2022 enka b 001 0 eng d |
| 020 |
|
|
|a 9780335250820
|
| 020 |
|
|
|a 0335250823
|
| 040 |
|
|
|a BD-DhAAL
|c BD-DhAAL
|
| 082 |
0 |
4 |
|a 378.125
|2 22
|
| 100 |
1 |
|
|a Biggs, John B.
|q (John Burville)
|9 59461
|
| 245 |
1 |
0 |
|a Teaching for quality learning at university /
|c John Biggs, Catherine Tang, Gregor Kennedy.
|
| 250 |
|
|
|a Fifth edition.
|
| 260 |
|
|
|a Maidenhead :
|b Open University Press,
|c 2022.
|
| 300 |
|
|
|a xxiv, 384 pages :
|b illustrations ;
|c 23 cm
|
| 504 |
|
|
|a Includes bibliographical references and index.
|
| 526 |
|
|
|a LTIC
|x Professor Md. Golam Samdani Fakir, PhD
Director
Learning and Teaching Innovation Center (LTIC)
BRAC University
Course Name : Enriching LTIC for curriculum development, assessment, ethics, faculty leadership, and global education, etc.
|
| 541 |
1 |
|
|a Hye Trade International
|e 44856
|
| 650 |
|
0 |
|a College teaching.
|
| 650 |
|
0 |
|a Learning.
|
| 650 |
|
0 |
|a Education, higher.
|
| 650 |
|
0 |
|a Effective teaching.
|
| 700 |
|
|
|a Tang, Catherine So-kum.
|9 59462
|
| 700 |
|
|
|a Kennedy, Gregor.
|9 59463
|
| 852 |
1 |
|
|a Ayesha Abed library
|c General Stacks
|
| 942 |
|
|
|2 ddc
|c BK
|
| 999 |
|
|
|c 47408
|d 47408
|
| 952 |
|
|
|0 0
|1 0
|2 ddc
|4 0
|6 378_125000000000000_BIG
|7 0
|9 78260
|a BRACUL
|b BRACUL
|c NEW
|d 2025-09-23
|e Hye Trade International
|g 7497.00
|l 0
|o 378.125 BIG
|p 3010044856
|r 2025-09-23
|t 1
|v 14994.00
|w 2025-09-23
|y BK
|x Requisitioned by Professor Md. Golam Samdani Fakir, PhD (Director, Learning and Teaching Innovation Center (LTIC), BRAC University) for the course named - "Enriching LTIC for curriculum development, assessment, ethics, faculty leadership, and global education, etc."
|